|
|
|
|
| LEADER |
00916nam a2200205 a 4500 |
| 008 |
090615s1997 txua b 001 0 eng d |
| 020 |
|
|
|a 8172246315
|
| 082 |
0 |
0 |
|a 658.4/09
|2 21
|
| 100 |
1 |
|
|a Peddy, Shirley.
|
| 245 |
1 |
0 |
|a Secrets of the corporate jungle :
|b lessons on survival and success in today’s organizations /
|c Shirley Peddy.
|
| 246 |
3 |
0 |
|a Lessons on survival and success in today’s organizations
|
| 260 |
|
|
|a Delhi, India :
|b Jaico Publishing House,
|c 1997.
|
| 300 |
|
|
|a 160 p. :
|b ill. ;
|c 22 cm.
|
| 504 |
|
|
|a Includes bibliography and index.
|
| 541 |
1 |
|
|e 00009554
|
| 650 |
|
0 |
|a Success in business.
|
| 852 |
4 |
|
|a Ayesha Abed Library
|j General Shelf.
|
| 942 |
0 |
0 |
|0 1
|
| 999 |
|
|
|c 1687
|d 1687
|
| 952 |
|
|
|0 0
|1 0
|2 ddc
|4 0
|6 658_409000000000000_PED_1997
|7 0
|9 1546
|a BRACUL
|b BRACUL
|c GEN
|d 2009-06-28
|g 0.00
|l 6
|m 25
|o 658.409 PED
|p 3010009554
|r 2026-02-02
|s 2026-01-11
|t 1
|w 2009-06-28
|y BK
|x No price found in the accession register.
|